Представление документа в формате RUSMARC

ПолеНазваниеЗначение
  Тип записи a
  Библиографический уровень m
001 Контрольный номер SKBR/b09661a2-e80c-4a19-b369-f0d1708897d3
005 Дата корректировки 20260615150549.3
010 Индекс ISBN __
a ISBN 978-5-235-05279-6
9 Тираж 3000 экз.
b Уточнения в пер.
035 Другие системные номера __
a Идентификатор записи RU\NLR\BIBL_A\022648079
100 Данные общей обработки __
a Данные общей обработки 20251020d2025 ma y0rusy028902 ca
101 Язык документа 0_
a Язык текста rus
102 Страна публикации __
a Страна публикации RU
105 Кодированные данные (монография) __
a Кодированные данные (монография) ach z 000yb
181 Поле кодированных данных: вид содержания _0
a Код вида содержания (ISBD) i
182 Поле кодированных данных: тип средства _0
a Код типа средства (ISBD) n
200 Заглавие и сведения об ответственности 1_
a Заглавие Таривердиев
f Первые сведения об ответственности Анна Ветлугина, Дмитрий Максименко
203 Вид содержания и тип средства __
a Вид содержания Текст
c Тип средства непосредственный
210 Выходные данные 1_
a Место издания Москва
c Издательство Молодая гвардия
d Дата издания 2025
215 Физическое описание __
a Объем 237, [2] с., [8] л.
c Иллюстрации/тип воспроизводства ил., портр., факс.
d Формат 21 см
225 Серия 1_
a Серия Жизнь замечательных людей
e Сведения, относящиеся к заглавию серии серия биографий
f Сведения об ответственности основана в 1890 году Ф. Павленковым и продолжена в 1933 году М. Горьким
v Обозначение тома вып. 2284 (2084)
320 Библиография __
a Библиография Библиография: с. 237-[238]
330 Аннотация __
a Аннотация "На Тихорецкую состав отправится", "Я спросил у ясеня" - песни, ставшие народными, они проникают в самое сердце слушателей. Какой ценой давались эти мелодии композитору Микаэлу Таривердиеву? За талант, повышенную эмоциональность и обостренную чувствительность ему пришлось заплатить здоровьем. Довелось встретиться с нуждой, быть оклеветанным, даже попасть на скамью подсудимых, но его мироощущение всегда оставалось светлым, как небо из детских воспоминаний. А еще ему повезло найти настоящую любовь.
333 Примечание о целевом назначении __
a Примечание о целевом назначении 16+. Для детей старше 16 лет
600 Персоналии _1
2 Код системы nlr_sh
a Персоналии (Фамилия) Таривердиев
b Персоналии (Имя) М. Л.
g Полное имя Микаэл Леонович
f Даты 1931-1996
606 Тематические рубрики __
2 Код системы nlr_sh
a Основная рубрика Музыка и зрелищные искусства
606 Тематические рубрики __
2 Код системы nlr_sh
a Основная рубрика История музыки
y Географическая подрубрика СССР
y Географическая подрубрика Союз Советских Социалистических Республик
z Хронологическая подрубрика 20 в.
610 Ключевые слова 0_
a Ключевые слова русские композиторы
610 Ключевые слова 0_
a Ключевые слова биографии композиторов
610 Ключевые слова 0_
a Ключевые слова биографии
610 Ключевые слова 0_
a Ключевые слова биографические сведения
610 Ключевые слова 0_
a Ключевые слова советские композиторы
610 Ключевые слова 0_
a Ключевые слова персоналии композиторов
610 Ключевые слова 0_
a Ключевые слова персоналии
610 Ключевые слова 0_
a Ключевые слова история музыки
610 Ключевые слова 0_
a Ключевые слова композиторы
610 Ключевые слова 0_
a Ключевые слова творчество композиторов
610 Ключевые слова 0_
a Ключевые слова русская культура
610 Ключевые слова 0_
a Ключевые слова музыка
610 Ключевые слова 0_
a Ключевые слова знаменитые композиторы
686 Индексы других классификаций __
2 Код системы rubbks
a Классификационный индекс 85.313(2=411.2)6-8; ст85.313(2)-8
700 Автор _1
a Фамилия Ветлугина
b Имя А. М.
f Даты 1974-
g Полное личное имя Анна Михайловна
4 Код отношения 070
701 Альтернативная интеллектуальная ответственность _1
a Фамилия Максименко
b Имя Д. М.
g Полное личное имя Дмитрий Михайлович
4 Код отношения 070
801 Источник записи _0
a Страна RU
b Организация NLR
c Дата составления 20251020
g Правила каталогизации PSBO
801 Источник записи _1
a Страна RU
b Организация NLR
c Дата составления 20251020
g Правила каталогизации PSBO
801 Источник записи _2
a Страна RU
b Организация NLR
c Дата составления 20251101
2 Код формата rusmarc
g Правила каталогизации PSBO
852 Данные о местонахождении __
i Авторский знак В 39
j Шифр хранения 85.313(2=411.2)6-8
901 Тип документа __
a Ответственный ООФиК/Волкова
t Тип документа m
901 Тип документа __
a Ответственный без партии
903 Характеристики (МАРС) __
a Дата передачи 20260615
c Наименование библиотеки (МАРС) Муниципальное бюджетное учреждение культуры "Централизованная библиотечная система" г. Сургут (Центральная городская библиотека им. А. С. Пушкина)
969 Тип издания __
a Тип издания популярное издание
a Тип издания Ф 26